000 00259nam a22001217a 4500
008 181031b xxu||||| |||| 00| 0 eng d
041 _aeng
080 _a038
100 _a23
101 _aFJA
245 _aThe Pearl Dictionary
_cKurlan,M
942 _2udc
_cBK
999 _c51302
_d51302